Internationales Konzernmarketing

Saved in:
Bibliographic Details
Main Author: Uhlig, Karl-Heinz
Other Authors: Hartig, Hans-Jürgen
Format: Book
Language:German
Published: Berlin Wirtschaft 1986
Edition:1. Aufl.
Tags: Add Tag
No Tags, Be the first to tag this record!

MARC

LEADER 00000nam a2200000 4500
001 c025421
005 20221220073820.6
041 0 |a ger 
044 |a DE 
245 1 0 |a Internationales Konzernmarketing  |c Karl-Heinz Uhlig, Hans-Jürgen Hartig 
250 |a 1. Aufl. 
264 1 |a Berlin  |b Wirtschaft  |c 1986 
300 |a 143 s. 
100 1 |a Uhlig, Karl-Heinz 
700 1 |a Hartig, Hans-Jürgen